[Event "NED-ch U11"]
[Site "Waalwijk"]
[Date "2012.04.06"]
[Round "1"]
[White "Tang, Charlie1111"]
[Black "Hogervorst, Sander"]
[Result "1-0"]
[WhiteElo "1061"]
[BlackElo "745"]
[PlyCount "119"]
[EventDate "2012.04.06"]
[EventType "swiss"]
[EventRounds "9"]
[EventCountry "NED"]
[SourceTitle "EXT 2013"]
[Source "ChessBase"]
[SourceDate "2012.11.22"]
[SourceVersion "1"]
[SourceVersionDate "2012.11.22"]
[SourceQuality "1"]

1. e4 c5 2. Nf3 e6 3. c4 g6 4. Nc3 Bg7 5. d3 d6 6. Be2 Nd7 7. Bf4 e5 8. Be3 Ngf6 9. 0-0 0-0 10. Qd2 b6 11. h3 a6 12. a4 a5 13. Nb5 Qe7 14. Rab1 Ba6 15. Nc3 Bb7 16. Nh2 Bc6 17. f4 exf4 18. Bxf4 Ne5 19. Bg5 Rac8 20. Ng4 Nexg4 21. Bxg4 Qe5 22. Bxf6 Bxf6 23. Bxc8 Rxc8 24. Qf2 Qd4 25. Qxd4 Bxd4+ 26. Kh1 Bxc3 27. bxc3 Bxa4 28. Rxb6 Rf8 29. Rxd6 f5 30. exf5 gxf5 31. Rd5 f4 32. Rg5+ Kh8 33. Rxc5 Bc2 34. d4 Be4 35. Re5 Bd3 36. Ra1 Bxc4 37. Raxa5 f3 38. gxf3 Rxf3 39. Kg2 Rxc3 40. Rg5 h6 41. Rgc5 Rc2+ 42. Kg3 Rc3+ 43. Kf4 Rc2 44. d5 Rf2+ 45. Kg3 Rc2 46. Ra8+ Kg7 47. Rc7+ Kf6 48. Rac8 Rc3+ 49. Kf4 Rxh3 50. Rxc4 Ke7 51. Kg4 Rd3 52. Re4+ Kd7 53. Ree8 Rxd5 54. Red8+ Ke6 55. Rxd5 Kxd5 56. Kh5 Ke6 57. Kxh6 Kf7 58. Rc6 Kg8 59. Rf6 Kh8 60. Rf8# 1-0